[Event "candidates qf"]
[Site "Bad Lauterberg GER"]
[Date "1980.03.24"]
[Round "1.5"]
[White "Huebner, Robert"]
[Black "Adorjan, Andras"]
[Result "1-0"]
[WhiteElo "2600"]
[BlackElo "2550"]
[EventDate "1980.03.16"]
[PlyCount "83"]

1.e4 c5 2.Nf3 Nc6 3.Bb5 g6 4.O-O Bg7 5.Re1 Nf6 6.c3 a6 7.Bxc6 dxc6 8.h3 
O-O 9.d4 cxd4 10.cxd4 c5 11.e5 Nd5 12.dxc5 Nb4 13.Nc3 Bf5 14.Nd4 Nd3 15.
Nxf5 gxf5 16.Re2 Nxe5 17.Bg5 Qxd1+ 18.Rxd1 f6 19.Be3 Rfd8 20.Red2 Rxd2 21.
Rxd2 Kf7 22.Rd4 Rb8 23.Na4 Ke8 24.Rh4 Rd8 25.Rxh7 Kf8 26.Rh4 Nc6 27.Rc4 e5
28.g3 Kf7 29.Kg2 Kg6 30.Rc3 Bh6 31.Bxh6 Kxh6 32.Nb6 Rd1 33.Nc4 Rd7 34.Rb3 
Kg6 35.Rb6 e4 36.Nd6 Nd8 37.g4 fxg4 38.hxg4 Re7 39.Nf5 Rc7 40.b4 Kf7 41.
Kg3 Ne6 42.Rxb7 1-0

[Event "candidates qf"]
[Site "Bad Lauterberg GER"]
[Date "1980.03.26"]
[Round "1.6"]
[White "Adorjan, Andras"]
[Black "Huebner, Robert"]
[Result "1-0"]
[WhiteElo "2550"]
[BlackElo "2600"]
[EventDate "1980.03.16"]
[PlyCount "83"]

1.e4 c6 2.d4 d5 3.Nd2 dxe4 4.Nxe4 Nf6 5.Nxf6+ gxf6 6.c3 Bf5 7.Ne2 Nd7 8.
Ng3 Bg6 9.h4 h6 10.h5 Bh7 11.Bd3 Bxd3 12.Qxd3 Qc7 13.Qf3 e6 14.Bf4 Qa5 15.
O-O Qd5 16.Qe2 Bd6 17.Bxd6 Qxd6 18.Rad1 O-O-O 19.c4 Kb8 20.Ne4 Qc7 21.d5 
f5 22.dxe6 fxe6 23.Nd6 Nc5 24.b4 Rxd6 25.bxc5 Rxd1 26.Rxd1 Re8 27.Rd6 Qe7 
28.Qe5 Kc8 29.Rd3 Qf7 30.Qd6 f4 31.Qe5 Rf8 32.Rd6 Re8 33.Rd4 Qf5 34.Qxf5 
exf5 35.Rd6 f3 36.Rxh6 fxg2 37.Rg6 Kd7 38.h6 Ke7 39.Rg7+ Kf6 40.Rxb7 a5 
41.h7 Kg6 42.Kxg2 1-0

[Event "candidates qf"]
[Site "Bad Lauterberg GER"]
[Date "1980.04.07"]
[Round "1.9"]
[White "Huebner, Robert"]
[Black "Adorjan, Andras"]
[Result "1/2-1/2"]
[WhiteElo "2600"]
[BlackElo "2550"]
[EventDate "1980.03.16"]
[PlyCount "132"]

1.Nf3 Nf6 2.g3 b6 3.Bg2 Bb7 4.O-O c5 5.d3 g6 6.e4 d6 7.Nh4 Nc6 8.f4 Bg7 9.
Nc3 O-O 10.f5 Ne5 11.Bf4 e6 12.Qd2 Qd7 13.h3 Nh5 14.Ne2 Nxf4 15.Qxf4 h6 
16.Qc1 g5 17.Nf3 Nxf3+ 18.Rxf3 exf5 19.Rxf5 d5 20.Nc3 dxe4 21.dxe4 Rae8 
22.Nd5 Qa4 23.c3 Rxe4 24.Nf6+ Bxf6 25.Rxf6 Kg7 26.Rd6 Qe8 27.Rd2 Re7 28.
Bxb7 Rxb7 29.Qf1 Qe3+ 30.Qf2 Re8 31.Rad1 Rbe7 32.Rf1 Qxf2+ 33.Rfxf2 Kg6 
34.g4 Re6 35.Kg2 R8e7 36.Rd8 f6 37.Rg8+ Rg7 38.Rf8 Rd7 39.Rg8+ Kf7 40.Rb8 
Kg7 41.Ra8 Red6 42.a4 Rd2 43.b4 cxb4 44.cxb4 R2d4 45.Rb2 Rd3 46.Ra2 R3d4 
47.b5 Rf4 48.Ra3 Rf7 49.Kg3 f5 50.gxf5 h5 51.Kh2 Rf2+ 52.Kg1 R2xf5 53.Rg3 
Rc7 54.Kh2 Rd5 55.Rg2 Re5 56.Rd8 Rec5 57.Rgd2 h4 58.Kg2 Rc4 59.R2d5 Rxa4 
60.Rxg5+ Kf6 61.Rdg8 Ra2+ 62.Kf3 Rc3+ 63.Kg4 Rg2+ 64.Kh5 Rxg5+ 65.Rxg5 Rc5
66.Kxh4 Rxg5 1/2-1/2

[Event "candidates qf"]
[Site "Alma-Ata URS"]
[Date "1980.03.31"]
[Round "1.3"]
[White "Polugaevsky, Lev"]
[Black "Tal, Mikhail"]
[Result "1/2-1/2"]
[WhiteElo "2635"]
[BlackElo "2705"]
[EventDate "1980.03.24"]
[PlyCount "34"]

1.Nf3 Nf6 2.c4 e6 3.Nc3 d5 4.d4 Be7 5.Bg5 h6 6.Bh4 O-O 7.e3 b6 8.Qb3 Bb7 
9.Bxf6 Bxf6 10.cxd5 exd5 11.Rd1 Re8 12.Bd3 c5 13.dxc5 Nd7 14.c6 Bxc6 15.
O-O Nc5 16.Qc2 Rc8 17.Nd4 Bxd4 1/2-1/2

[Event "candidates qf"]
[Site "Alma-Ata URS"]
[Date "1980.04.10"]
[Round "1.7"]
[White "Polugaevsky, Lev"]
[Black "Tal, Mikhail"]
[Result "1-0"]
[WhiteElo "2635"]
[BlackElo "2705"]
[EventDate "1980.03.24"]
[PlyCount "82"]

1.Nf3 Nf6 2.c4 g6 3.Nc3 Bg7 4.e4 d6 5.d4 O-O 6.Be2 e5 7.O-O Nc6 8.d5 Ne7 
9.Ne1 Nd7 10.Nd3 f5 11.Bd2 Nf6 12.f3 f4 13.c5 g5 14.Rc1 Ng6 15.cxd6 cxd6 
16.Nb5 Rf7 17.Qc2 Ne8 18.a4 h5 19.Nf2 Bf8 20.h3 Rg7 21.a5 Bd7 22.Qb3 Nh4 
23.Be1 Be7 24.Rc3 Bf8 25.Rc2 Kh7 26.Rc3 Kh8 27.Qd1 a6 28.Na3 Qxa5 29.Rc8 
Qxe1 30.Rxa8 Qb4 31.Nc4 Qc5 32.Qd2 b5 33.b4 Qc7 34.Na5 Qb6 35.Nc6 Rg6 36.
Ra1 Bxc6 37.dxc6 Qxc6 38.R1xa6 Qd7 39.R6a7 Qc6 40.Qd5 Qc1+ 41.Bf1 g4 1-0

[Event "candidates qf"]
[Site "Mexico City MEX"]
[Date "1980.04.22"]
[Round "1.9"]
[White "Spassky, Boris"]
[Black "Portisch, Lajos"]
[Result "1-0"]
[WhiteElo "2615"]
[BlackElo "2655"]
[EventDate "1980.03.30"]
[PlyCount "97"]

1.e4 c6 2.Nc3 d5 3.d4 dxe4 4.Nxe4 Bf5 5.Ng3 Bg6 6.h4 h6 7.Nf3 Nd7 8.h5 Bh7
9.Bd3 Bxd3 10.Qxd3 e6 11.Bd2 Ngf6 12.c4 Qc7 13.O-O-O O-O-O 14.Bc3 c5 15.
Kb1 cxd4 16.Nxd4 a6 17.Nb3 Be7 18.Ba5 b6 19.Bc3 Nc5 20.Qf3 Qb7 21.Qxb7+ 
Kxb7 22.Nxc5+ bxc5 23.f3 Rxd1+ 24.Rxd1 Kc6 25.Rh1 Nd7 26.Kc2 Rg8 27.Ne2 
Bd6 28.a3 f5 29.b4 Nb6 30.Kb3 Kd7 31.Rd1 Ke7 32.bxc5 Bxc5 33.Nf4 Rb8 34.
Bb4 Nd7 35.Kc3 Rc8 36.Nd3 Bxb4+ 37.axb4 e5 38.Ra1 Rc6 39.Ra5 Kf6 40.g3 Re6
41.Rd5 Nf8 42.Rd8 Ke7 43.Ra8 g6 44.Nc5 Rd6 45.Nxa6 Ne6 46.b5 gxh5 47.c5 
Rd5 48.Ra7+ Ke8 49.b6 1-0

[Event "candidates qf"]
[Site "Mexico City MEX"]
[Date "1980.04.30"]
[Round "1.13"]
[White "Portisch, Lajos"]
[Black "Spassky, Boris"]
[Result "1/2-1/2"]
[WhiteElo "2655"]
[BlackElo "2615"]
[EventDate "1980.03.30"]
[PlyCount "29"]

1.Nf3 Nf6 2.c4 b6 3.d4 Bb7 4.Nc3 e6 5.a3 g6 6.Bg5 Bg7 7.e3 h6 8.Bh4 d6 9.
d5 O-O 10.Be2 g5 11.Bg3 Nh5 12.Rb1 Nxg3 13.hxg3 Qe7 14.O-O Nd7 15.Nd4 
1/2-1/2

[Event "candidates qf"]
[Site "Velden AUT"]
[Date "1980.03.08"]
[Round "1.1"]
[White "Kortschnoj, Viktor"]
[Black "Petrosian, Tigran"]
[Result "1/2-1/2"]
[WhiteElo "2695"]
[BlackElo "2615"]
[EventDate "1980.03.08"]
[PlyCount "140"]

1.c4 Nf6 2.d4 c6 3.e3 d5 4.Bd3 g6 5.Nf3 Bg7 6.Nc3 O-O 7.O-O Bg4 8.h3 Bxf3 
9.Qxf3 e6 10.Rd1 Nbd7 11.Bf1 Re8 12.b3 a6 13.Bb2 Qe7 14.Rac1 Rad8 15.Qe2 
h5 16.Qc2 Nb6 17.Bd3 Nc8 18.Nb1 Nh7 19.Ba3 Qc7 20.Nd2 Nb6 21.Nf3 Nd7 22.
Bb4 Nhf6 23.Bc3 Nh7 24.Be1 Rc8 25.b4 Nhf6 26.Qb3 Qb8 27.a4 Red8 28.Bc3 Qc7
29.c5 Nh7 30.b5 axb5 31.axb5 e5 32.b6 Qb8 33.e4 exd4 34.Bxd4 Bxd4 35.Nxd4 
Qf4 36.Ne2 Qf6 37.exd5 cxd5 38.Qb4 Qe7 39.Nd4 Nhf6 40.Re1 Qf8 41.Bxg6 fxg6
42.Ne6 Qe7 43.Qb1 Re8 44.Nc7 Qf7 45.Nxe8 Nxe8 46.c6 bxc6 47.b7 Rb8 48.Rxc6
Ndf6 49.Rb6 Ne4 50.Rxe4 dxe4 51.Qxe4 Kh7 52.Qc6 Qf6 53.Qd7+ Qg7 54.Qe6 Qf6
55.Qe3 Nd6 56.Qg3 h4 57.Qxd6 Qxd6 58.Rxd6 Rxb7 59.Kf1 Kh6 60.Rd4 g5 61.Ke2
Kg6 62.Kf3 Rf7+ 63.Ke3 Re7+ 64.Re4 Ra7 65.Re6+ Kf5 66.Rd6 Ra3+ 67.Rd3 Ra5 
68.Kd4 Ra2 69.Rf3+ Kg6 70.Rf8 Kg7 1/2-1/2

[Event "candidates qf"]
[Site "Velden AUT"]
[Date "1980.03.19"]
[Round "1.6"]
[White "Petrosian, Tigran"]
[Black "Kortschnoj, Viktor"]
[Result "1/2-1/2"]
[WhiteElo "2615"]
[BlackElo "2695"]
[EventDate "1980.03.08"]
[PlyCount "76"]

1.d4 Nf6 2.c4 e6 3.Nf3 b6 4.a3 Ba6 5.Qc2 d5 6.cxd5 exd5 7.Nc3 c6 8.g3 Bd6 
9.Bg2 O-O 10.O-O Re8 11.Re1 Nbd7 12.Bg5 h6 13.Bxf6 Nxf6 14.e4 dxe4 15.Nxe4
Nxe4 16.Rxe4 Rxe4 17.Qxe4 Rc8 18.Ne5 Bxe5 19.dxe5 Qd3 20.Qxd3 Bxd3 21.Bh3 
Re8 22.f4 c5 23.Rd1 c4 24.Bf1 Bxf1 25.Kxf1 g5 26.Kf2 gxf4 27.gxf4 f6 28.
Rd5 fxe5 29.fxe5 Rc8 30.Ke3 c3 31.bxc3 Rxc3+ 32.Kd4 Rxa3 33.Rd7 a5 34.Rb7 
a4 35.Rxb6 Rh3 36.Ra6 Kf7 37.Kd5 Rd3+ 38.Ke4 Rh3 1/2-1/2